000 00554nam a2200193Ia 4500
005 20250508162918.0
008 008 250505s9999 xx 000 0 eng d
037 _aReference
040 _aFEDL
_beng
_cFEDL
041 _aeng
_2eng
084 _a915.4, DUT
_qFEDL
100 _aDutta Gita
_9209965
245 0 _aIndia travel companion : Vraman sangi 1991-92
260 _aCalcutta, India
_bAsia Publishing House
_c1991
300 _a590p.
700 _a Dutta Mrinal
_9774372
942 _cREF
_h915.4, DUT
999 _c1379388
_d1379388